Histoire generale du XX siecle

Saved in:
Bibliographic Details
Main Authors: Droz, Bernard (Author), Rowley, Anthony (Author)
Format: Book
Language:French
Published: París Editions du Seuil 1986
Series:Collection points. Serie histoire, 85
Subjects:
Tags: Add Tag
No Tags, Be the first to tag this record!

MARC

LEADER 00000nam a2200000 a 4500
001 UCY1800
003 CL-VaPUC
008 940920e19860000FR |||||||||||||||||fre|d
082 0 4 |a 909.82  |b DRO  |2 21 
100 0 |a Droz, Bernard  |e author  |9 329814 
700 0 |a Rowley, Anthony  |e author  |9 329815 
245 1 0 |a Histoire generale du XX siecle 
300 |a 4 v 
942 |c BK 
945 |d 19940920 00:00:00  |a oaravena 
260 |a París  |b Editions du Seuil  |c 1986 
500 |a v.1: Declins europeens 
500 |a v.2: La naissance du monde contemporain 
500 |a v.3: Expansion et independronces 
650 0 |a Historia siglo 20  |9 255736 
651 0 |a Europa  |9 255156 
583 |a last modification  |c 19940920 00:00:00  |k Rodrigo Vera 
490 0 |a Collection points. Serie histoire, 85 
999 |c 230391  |d 230389 
952 |0 0  |1 0  |4 0  |6 909_820000000000000_DRO_1986  |7 0  |8 A  |9 232615  |a BIBHIS  |b BIBHIS  |d 2019-11-15  |h v.1  |i 3018008  |o 909.82 DRO 1986  |p 3018008  |r 2025-01-20  |w 2019-11-15  |y BK  |k HIS 
952 |0 0  |1 0  |4 0  |6 909_820000000000000_DRO_1986  |7 0  |8 A  |9 232616  |a BIBHIS  |b BIBHIS  |d 2019-11-15  |h v.2  |i 3018016  |o 909.82 DRO 1986  |p 3018016  |r 2025-01-20  |w 2019-11-15  |y BK  |k HIS 
952 |0 0  |1 0  |4 0  |6 909_820000000000000_DRO_1986  |7 0  |8 A  |9 232617  |a BIBHIS  |b BIBHIS  |d 2019-11-15  |h v.3  |i 3018024  |o 909.82 DRO 1986  |p 3018024  |r 2025-01-20  |w 2019-11-15  |y BK  |k HIS